000 00712nac a22002051u 4500
008 100908t xxu||||| |||| 00| 0 eng d
010 _a97020666
020 _a047135502X
082 0 0 _a620.106
_bMUN
100 _aMunson, Bruce Roy,
_918778
245 1 0 _aFundamentals of Fluid Mechanics /
_cBruce R. Munson, Donald F. Young, Theodore H. Okiishi.
250 _a3rd ed.,
_bUpdated
260 _aNew York :
_bWiley,
_cc1998.
300 _axvii, 877 p. :
_bill. ;
_c26 cm.
504 _aIncludes bibliographical references and index.
650 0 _aFluid mechanics.
_918779
700 1 _aYoung, Donald F.
_918780
700 1 _aOkiishi, T. H.
_q(Theodore Hisao),
_d1939-
_918781
942 _cBB
_k620.106MUN
_2ddc
999 _c796
_d796